000 00704nam a2200241 i 4500
001 C2-0235842
003 PPAK
005 20180727195829.0
008 010920s1963 my |||| ||||| | may d
040 _aPPAK
_beng
_cPPAK
_erda
082 0 4 _a499.23076
_223
090 0 0 _a499.23076
_bABD
_dKAM
100 0 _aAbdul Razak Noordin,
_eauthor
245 1 0 _aKursus Bahasa Kebangsaan :
_buntuk Tingkatan V
264 1 _aPenang :
_bH. Abdullah B. M. Noordin Arrawi ,
_c1963
300 _a175 pages ;
_c22 cm
336 _2rdacontent
_atext
337 _2rdamedia
_aunmediated
338 _2rdacarrier
_avolume
650 1 0 _aBahasa Malaysia - Problems, Exercises, etc.
700 _eauthor
942 _ddc
_cB
999 _c51785
_d51785